|
|
|
|
| LEADER |
01098nam a22003132a 4500 |
| 001 |
000351052 |
| 003 |
CZ BrMZK |
| 005 |
20180724164946.0 |
| 007 |
ta |
| 008 |
980105s1958 xr g f ger d |
| 015 |
|
|
|a cnb000442227
|
| 040 |
|
|
|a BOA001
|b cze
|
| 043 |
|
|
|a e-xr---
|b e-xr-jm
|2 czenas
|
| 080 |
9 |
|
|a 913(437.322)
|2 MRF
|
| 080 |
|
|
|a (036)913
|2 MRF
|
| 100 |
1 |
|
|a Vahala, Miroslav
|7 jk01141102
|4 aut
|
| 245 |
1 |
0 |
|a Brno :
|b Fremdenführer, Zeichnungen, Pläne /
|c Miroslav Vahala, Karel Baják
|
| 250 |
|
|
|a 1. Aufl.
|
| 260 |
|
|
|a Praha :
|b Sportovní a turistické nakladatelství,
|c 1958
|
| 300 |
|
|
|a 113 s., příl.
|
| 500 |
|
|
|a Obsahuje rejstřík
|
| 500 |
|
|
|a Německo-český slovník
|
| 651 |
|
7 |
|a Brno (Česko)
|7 ge134084
|2 czenas
|
| 655 |
|
7 |
|a turistické průvodce
|7 fd133738
|2 czenas
|
| 856 |
4 |
1 |
|u http://www.digitalniknihovna.cz/mzk/uuid/uuid:966298c0-b627-11e2-8b87-005056827e51
|y Digitalizovaný dokument
|x NDK
|
| 910 |
|
|
|a BOA001
|b 1-0397.850
|
| 990 |
|
|
|a BK
|
| 991 |
|
|
|b 200912
|
| 996 |
6 |
|
|b 2619812057
|c 1-0397.850
|l MZK
|r Sklad / do 1 hodiny
|n 8
|w 000351052
|u 000010
|a 1
|e BOA001
|j MZK50
|s P
|